000 00400 a2200145 4500
001 169719
020 _a
040 _cMagnum
100 _aColegio Magnum Agostiniano - Magnito - 1ª Series
240 1 0 _aAs 1ª series em: viva as revistas em quadrinhos !
_lpor
245 1 0 _aAs 1ª series em: viva as revistas em quadrinhos !
362 0 _a1899
697 _aIJ/AVENTURA, CRIANCAS
942 _cBK
999 _c169719
_d169719